| 000 | 00771nam a2200229 ar4500 | ||
|---|---|---|---|
| 001 | 1013 | ||
| 005 | 20221127090105.0 | ||
| 008 | s xxu 00110 eng d | ||
| 020 |
_a1591392896 : _cSR80.00 |
||
| 082 | 0 | 4 |
_a658 _bH261 2004 |
| 245 | 0 | 0 |
_aHarvard business essentials : _bmanager's toolkit : the 13 skills managers need to succeed. |
| 246 | 0 | _aManager's toolkit. | |
| 260 |
_aBoston, Mass. : _bHarvard Business School Press, _c2004. |
||
| 300 |
_axvii, 328 p. ; _c24 cm. |
||
| 440 | 0 | _aHarvard business essentials series. | |
| 500 | _aRichard Luecke(writer of series) | ||
| 504 | _aIncludes bibl. references and index. | ||
| 650 | 4 | _aSupervision of employees. | |
| 650 | 4 | _aManagement. | |
| 700 | 0 | _aLuecke, Richard. | |
| 710 | 2 | _aHarvard Business School. | |
| 999 |
_c1012 _d1012 |
||